<?xml version="1.0" encoding="UTF-8"?>
<record
    xmlns:xsi="http://www.w3.org/2001/XMLSchema-instance"
    xsi:schemaLocation="http://www.loc.gov/MARC21/slim http://www.loc.gov/standards/marcxml/schema/MARC21slim.xsd"
    xmlns="http://www.loc.gov/MARC21/slim">

  <leader>00853nam a22002657a 4500</leader>
  <controlfield tag="003">0</controlfield>
  <controlfield tag="005">20180803124346.0</controlfield>
  <controlfield tag="008">0</controlfield>
  <datafield tag="010" ind1=" " ind2=" ">
    <subfield code="a">B-168479</subfield>
  </datafield>
  <datafield tag="020" ind1=" " ind2=" ">
    <subfield code="c">850.00</subfield>
    <subfield code="a">9781563088858</subfield>
  </datafield>
  <datafield tag="035" ind1=" " ind2=" ">
    <subfield code="a">B-168479, B-168480</subfield>
  </datafield>
  <datafield tag="037" ind1=" " ind2=" ">
    <subfield code="b">Cen Lib/Ret</subfield>
  </datafield>
  <datafield tag="040" ind1=" " ind2=" ">
    <subfield code="a">DPL</subfield>
    <subfield code="b">EN</subfield>
    <subfield code="c">0</subfield>
  </datafield>
  <datafield tag="082" ind1=" " ind2=" ">
    <subfield code="a">021</subfield>
    <subfield code="b">LIB</subfield>
  </datafield>
  <datafield tag="245" ind1=" " ind2=" ">
    <subfield code="a">Library off-site shelving :</subfield>
    <subfield code="c">edited by Danuta A. Nitecki [and] Curtis L. Kendrick</subfield>
    <subfield code="b">guide for high-density facilities /</subfield>
  </datafield>
  <datafield tag="260" ind1=" " ind2=" ">
    <subfield code="a">Colorado</subfield>
    <subfield code="b">Libraries in Unlimited </subfield>
    <subfield code="c">2001</subfield>
  </datafield>
  <datafield tag="270" ind1=" " ind2=" ">
    <subfield code="b">Colorado</subfield>
    <subfield code="a">P.O. Box 6633</subfield>
  </datafield>
  <datafield tag="300" ind1=" " ind2=" ">
    <subfield code="a">xi,241p.</subfield>
    <subfield code="c">22cm(pbk)</subfield>
  </datafield>
  <datafield tag="500" ind1=" " ind2=" ">
    <subfield code="a">Includes index</subfield>
  </datafield>
  <datafield tag="650" ind1=" " ind2=" ">
    <subfield code="a">Library storage centres </subfield>
    <subfield code="y"> </subfield>
    <subfield code="z"> United states </subfield>
    <subfield code="9">1652</subfield>
  </datafield>
  <datafield tag="650" ind1=" " ind2=" ">
    <subfield code="a">Library materials </subfield>
    <subfield code="z">United state </subfield>
    <subfield code="9">1653</subfield>
  </datafield>
  <datafield tag="700" ind1=" " ind2=" ">
    <subfield code="a">Nitecki, Danuta A.</subfield>
    <subfield code="9">106101</subfield>
  </datafield>
  <datafield tag="700" ind1=" " ind2=" ">
    <subfield code="a">Kendrick, Curtis L.</subfield>
    <subfield code="9">1656</subfield>
  </datafield>
  <datafield tag="942" ind1=" " ind2=" ">
    <subfield code="2">ddc</subfield>
    <subfield code="c">EN</subfield>
    <subfield code="h">021</subfield>
    <subfield code="m">LIB</subfield>
  </datafield>
  <datafield tag="999" ind1=" " ind2=" ">
    <subfield code="c">122683</subfield>
    <subfield code="d">122683</subfield>
  </datafield>
  <datafield tag="952" ind1=" " ind2=" ">
    <subfield code="0">0</subfield>
    <subfield code="1">0</subfield>
    <subfield code="4">0</subfield>
    <subfield code="7">1</subfield>
    <subfield code="8">REF</subfield>
    <subfield code="a">L</subfield>
    <subfield code="b">L</subfield>
    <subfield code="d">2015-05-29</subfield>
    <subfield code="e">Cen Lib/Ret</subfield>
    <subfield code="g">850.00</subfield>
    <subfield code="l">0</subfield>
    <subfield code="o">021 LIB</subfield>
    <subfield code="p">B-168479</subfield>
    <subfield code="r">2015-05-29 00:00:00</subfield>
    <subfield code="t">1</subfield>
    <subfield code="v">850.00</subfield>
    <subfield code="w">2015-05-29</subfield>
    <subfield code="y">EN</subfield>
  </datafield>
  <datafield tag="952" ind1=" " ind2=" ">
    <subfield code="0">0</subfield>
    <subfield code="1">0</subfield>
    <subfield code="2">ddc</subfield>
    <subfield code="4">0</subfield>
    <subfield code="7">0</subfield>
    <subfield code="a">L</subfield>
    <subfield code="b">L</subfield>
    <subfield code="d">2016-12-01</subfield>
    <subfield code="e">Cen Lib/Ret</subfield>
    <subfield code="g">850.00</subfield>
    <subfield code="l">0</subfield>
    <subfield code="o">021 LIB</subfield>
    <subfield code="p">B-168478</subfield>
    <subfield code="r">2016-12-01 00:00:00</subfield>
    <subfield code="t">2</subfield>
    <subfield code="v">850.00</subfield>
    <subfield code="w">2016-12-01</subfield>
    <subfield code="y">EN</subfield>
  </datafield>
  <datafield tag="952" ind1=" " ind2=" ">
    <subfield code="0">0</subfield>
    <subfield code="1">0</subfield>
    <subfield code="2">ddc</subfield>
    <subfield code="4">0</subfield>
    <subfield code="7">0</subfield>
    <subfield code="8">NFIC</subfield>
    <subfield code="a">BL1</subfield>
    <subfield code="b">BL1</subfield>
    <subfield code="d">2018-08-03</subfield>
    <subfield code="e">BPPD/PUB</subfield>
    <subfield code="g">850.00</subfield>
    <subfield code="l">0</subfield>
    <subfield code="o">021 LIB</subfield>
    <subfield code="p"> B-168480</subfield>
    <subfield code="r">2018-08-03 00:00:00</subfield>
    <subfield code="v">850.00</subfield>
    <subfield code="w">2018-08-03</subfield>
    <subfield code="y">EN</subfield>
  </datafield>
</record>
